Finance for Growth: (Record no. 4709)

000 -LEADER
fixed length control field 00431nam a22001337a 4500
008 - FIXED-LENGTH DATA ELEMENTS--GENERAL INFORMATION
fixed length control field 161125b xxu||||| |||| 00| 0 eng d
020 ## - INTERNATIONAL STANDARD BOOK NUMBER
International Standard Book Number 0-19-521605-9
082 ## - DEWEY DECIMAL CLASSIFICATION NUMBER
Classification number 658.15 WOR
245 ## - TITLE STATEMENT
Title Finance for Growth:
Remainder of title Policy Choices in a Volatile World/
Statement of responsibility, etc. The World Bank.-
Medium English.
260 ## - PUBLICATION, DISTRIBUTION, ETC. (IMPRINT)
Place of publication, distribution, etc. Washington,D.C:
Name of publisher, distributor, etc. Oxford University Press,
Date of publication, distribution, etc. 2001.
300 ## - PHYSICAL DESCRIPTION
Extent 211p.;
Other physical details Ill.;
Dimensions 24cm.-
650 ## - SUBJECT ADDED ENTRY--TOPICAL TERM
Source of heading or term Financial Management
942 ## - ADDED ENTRY ELEMENTS (KOHA)
Source of classification or shelving scheme
Koha item type BOOKS

No items available.

IRDP © 2019 :: Managed by IRDP ICT Unit